Les miracles de Jésus Christ - Mort subite - Statistiques

Statistiques générales
  • Ce quiz a été pris 582 fois
  • Le résultat moyen est 6 sur 15
Answers on the Grid
Answers color-coded by a green-red scale on the quiz's grid according to % correct below.
Le miracle de la rosée
La résurrection de la fille de Jaïre
L'eau changée en vin lors des Noces de Cana
Le passage de la Mer Rouge
La résurrection de Lazare
La vipère de Malte
La guérison de l'estropié à la Belle Porte
La multiplication des pains
La résurrection de Tabitha
La marche sur l'eau
La pêche miraculeuse
La danse du soleil de Fátima
Le miracle du ricin
La Tempête apaisée
La Transfiguration
L'image de Notre-Dame de Guadalupe
La pièce dans la bouche d'un poisson
Le miracle de la manne
Le miracle de l'eau vivifiante jaillissant du rocher
Le figuier desséché (ou figuier maudit ou stérile)
Les guérisons de Lourdes
La guérison d'un lépreux
La guérison du serviteur d'un centurion
La délivrance de Jonas, libéré du poisson qui l'avait englouti
L'expulsion des démons chez les Gadaréniens
L'eau douce (potable) de Mara
La guérison de l'oreille d'un serviteur
La guérison de la femme courbée
 
Statistiques - réponses
Réponse % Correct
L'eau changée en vin lors des Noces de Cana
79%
La multiplication des pains
62%
La résurrection de Lazare
58%
La marche sur l'eau
57%
La pêche miraculeuse
45%
La guérison d'un lépreux
43%
La résurrection de la fille de Jaïre
41%
La Transfiguration
33%
La Tempête apaisée
29%
La guérison du serviteur d'un centurion
22%
L'expulsion des démons chez les Gadaréniens
22%
Le figuier desséché (ou figuier maudit ou stérile)
21%
La guérison de l'oreille d'un serviteur
20%
La guérison de la femme courbée
14%
La pièce dans la bouche d'un poisson
11%
Aucun quiz correspondant
Distribution des résultats
% des personnes avec chaque résultat
Percentile par nombre de réponses
Votre historique - résultats
Vous n’avez pas pris ce quiz